| 000 | 00623nam a2200217Ii 4500 | ||
|---|---|---|---|
| 001 | 20451 | ||
| 003 | CO-ViMGA | ||
| 008 | 241108s9999||||xx |||||||||||||| ||und|| | ||
| 020 | _a8425411017 | ||
| 040 |
_aCO-ViMGA _bspa _erda _cCO-ViMGA |
||
| 041 | 0 | _aspa | |
| 082 | 0 | 4 | _a131.3469 F71h |
| 100 | 1 |
_aGordon Willard Allport _947464 |
|
| 245 | 1 | 0 | _aEl hombre en busca de sentido |
| 264 | 1 | _aMadrid, EspaƱa : Editorial Herder, 1996 | |
| 300 | _avolumen | ||
| 336 |
_atext _btxt _2rdacontent |
||
| 337 |
_aunmediated _bn _2rdamedia |
||
| 338 |
_avolume _bnc _2rdacarrier |
||
| 940 | _aidficha_siabuc: 20106. -- ficha_no_siabuc:20451 | ||
| 999 |
_c42063 _d42063 |
||